[Event "GER-ch U10"]
[Site "Willingen"]
[Date "2008.05.11"]
[Round "9"]
[White "Mager, Denis"]
[Black "Riasanow, Nikita"]
[Result "1-0"]
[WhiteElo "1145"]
[BlackElo "1259"]
[PlyCount "135"]
[EventDate "2008.05.11"]
[EventType "swiss"]
[EventRounds "11"]
[EventCountry "GER"]
[SourceTitle "CBM 124 Extra"]
[Source "ChessBase"]
[SourceDate "2008.07.03"]
[SourceVersion "1"]
[SourceVersionDate "2008.07.03"]
[SourceQuality "1"]

1. d4 Nf6 2. c4 g6 3. Nc3 Bg7 4. Bf4 d6 5. Nf3 0-0 6. e3 Nbd7 7. Bd3 c5 8. Bc2 b6 9. 0-0 Bb7 10. h3 Rc8 11. b3 Ne8 12. Be4 Bxe4 13. Nxe4 Ndf6 14. Nxf6+ Nxf6 15. Bh2 Qd7 16. Qd3 Qb7 17. Rac1 Qe4 18. Rfd1 Rfd8 19. d5 Qxd3 20. Rxd3 Ne4 21. Nd2 Nxd2 22. Rxd2 Kf8 23. Bf4 Kg8 24. Kh2 f6 25. h4 Kf7 26. Kg3 Rg8 27. Kf3 f5 28. Re2 Kf6 29. e4 fxe4+ 30. Rxe4 Rc7 31. Rce1 Bf8 32. Bg5+ Kf7 33. Rf4+ Ke8 34. Rfe4 Rg7 35. Re6 Kd8 36. Rxd6+ Rd7 37. Rxd7+ Kxd7 38. Re6 Rf7+ 39. Ke3 Bg7 40. f3 h6 41. Bf4 Rf6 42. Rxf6 Bxf6 43. Bxh6 Bxh4 44. Ke4 Kd6 45. Bf4+ Kd7 46. g3 Bf6 47. Be5 a6 48. Bxf6 exf6 49. g4 Kd6 50. f4 Kd7 51. g5 fxg5 52. fxg5 Kd6 53. Kf4 b5 54. a4 bxa4 55. bxa4 a5 56. Ke4 Kd7 57. Ke5 Ke7 58. d6+ Kf7 59. Kd5 Ke8 60. Ke6 Kd8 61. d7 Kc7 62. Ke7 Kc6 63. d8Q Kb7 64. Qd6 Ka8 65. Qd7 Kb8 66. Kd6 Ka8 67. Kc6 Kb8 68. Qb7# 1-0

[Event "Stuttgart-chB int"]
[Site "Ditzingen"]
[Date "2008.05.02"]
[Round "4"]
[White "Riasanow, Nikita"]
[Black "Schestibrat, Dennis"]
[Result "1/2-1/2"]
[WhiteElo "1259"]
[BlackElo "1727"]
[PlyCount "149"]
[EventDate "2008.05.01"]
[EventType "swiss"]
[EventRounds "7"]
[EventCountry "GER"]
[SourceTitle "EXT 2018"]
[Source "ChessBase"]
[SourceDate "2017.10.13"]
[SourceVersion "1"]
[SourceVersionDate "2017.10.13"]
[SourceQuality "1"]

1. e4 c6 2. d4 d5 3. Nc3 dxe4 4. Nxe4 Bf5 5. Ng3 Bg6 6. Nf3 Nd7 7. Bd3 e6 8. Bf4 Ngf6 9. h4 Nd5 10. Bc1 Bd6 11. h5 Bxd3 12. Qxd3 Qc7 13. Ne4 Bf4 14. Bxf4 Nxf4 15. Qf1 Qa5+ 16. c3 Qd5 17. Ng3 0-0-0 18. Rh4 e5 19. 0-0-0 Qxa2 20. dxe5 Ne6 21. Qc4 Qxc4 22. Rxc4 Nb6 23. Rb4 Nc5 24. Nd4 Rhe8 25. f4 Nd5 26. Rc4 Ne6 27. Nxe6 fxe6 28. Re1 Rf8 29. Ree4 Ne7 30. Ne2 Rd5 31. Nd4 Kd7 32. Rb4 b5 33. c4 Rc5 34. Nb3 Rxc4+ 35. Rbxc4 bxc4 36. Rxc4 Nd5 37. Nc5+ Ke7 38. g3 g5 39. hxg6 hxg6 40. Ra4 Ra8 41. Nd3 Ne3 42. Ra6 Nf5 43. Rxc6 Nxg3 44. Kd2 Rd8 45. Rc7+ Rd7 46. Rxd7+ Kxd7 47. Ke3 Kc6 48. Kd4 a5 49. Kc4 Ne2 50. b3 Kb6 51. Nf2 Nxf4 52. Ng4 g5 53. Nf2 Ng6 54. Ng4 Kc6 55. Kd4 Kb5 56. Kc3 Kc5 57. Kd3 Kd5 58. Ne3+ Kxe5 59. Nc4+ Kf4 60. Ke2 Kg3 61. Nxa5 Nf4+ 62. Kf1 Kh2 63. Nc4 Nd5 64. Ne5 Kg3 65. Kg1 g4 66. Kh1 Nb4 67. Kg1 Kf4 68. Ng6+ Kg5 69. Ne5 Kf5 70. Nc4 e5 71. Kg2 Kf4 72. Kf2 e4 73. Kg2 e3 74. Nxe3 Kxe3 75. Kg3 1/2-1/2

[Event "Stuttgart-chB int"]
[Site "Ditzingen"]
[Date "2008.05.01"]
[Round "3"]
[White "Helfrich, Leo"]
[Black "Riasanow, Nikita"]
[Result "1-0"]
[WhiteElo "1712"]
[BlackElo "1259"]
[PlyCount "63"]
[EventDate "2008.05.01"]
[EventType "swiss"]
[EventRounds "7"]
[EventCountry "GER"]
[SourceTitle "EXT 2018"]
[Source "ChessBase"]
[SourceDate "2017.10.13"]
[SourceVersion "1"]
[SourceVersionDate "2017.10.13"]
[SourceQuality "1"]

1. d4 Nf6 2. Nf3 g6 3. Bf4 Bg7 4. e3 d6 5. Bd3 0-0 6. Nbd2 c5 7. c3 Nd5 8. Bg5 Nd7 9. 0-0 N7f6 10. e4 Nc7 11. a4 Bg4 12. h3 Bd7 13. dxc5 dxc5 14. Qc2 Ne6 15. Be3 Qc7 16. Rfd1 Rfd8 17. Nf1 Nf4 18. Ng3 Be8 19. Bc4 b6 20. Rd2 Rxd2 21. Qxd2 Bh6 22. e5 Rd8 23. Qc1 Nxh3+ 24. gxh3 Bxe3 25. Qxe3 Nd5 26. Qh6 f6 27. Ne4 Qc6 28. Nfg5 fxg5 29. Nxg5 e6 30. Qxh7+ Kf8 31. Bb5 Qc7 32. Nxe6# 1-0